00432nam a22001337a 450000500170000001000130001702000230003003500130005310000160006624500730008226000660015527000460022130000310026720190323120611.0 aB-192041 a0070607125c150.00 aB-192041 aFoster,jack aIdeaship: How to get Ideas flowing in your workplace /c Jack Foster aNew DelhibTata McGraw-Hill Publishing Company Limited c2005 a07, West Patel Nagar, bNew Delhie110008 aix, 136p.billc23cm.(pbk)